On the CPC : (Record no. 22541)
[ view plain ]
| 000 -LEADER | |
|---|---|
| fixed length control field | 00796nam a22002295a 4500 |
| 005 - DATE AND TIME OF LATEST TRANSACTION | |
| control field | 20161012151432.0 |
| 008 - FIXED-LENGTH DATA ELEMENTS--GENERAL INFORMATION | |
| fixed length control field | 161012s2016 enk fr 000 0 eng d |
| 020 ## - INTERNATIONAL STANDARD BOOK NUMBER | |
| International Standard Book Number | 9781907003455 |
| 040 ## - CATALOGING SOURCE | |
| Original cataloging agency | EG-ScBUE |
| Language of cataloging | eng |
| Transcribing agency | EG-ScBUE |
| 043 ## - GEOGRAPHIC AREA CODE | |
| Geographic area code | a-cc--- |
| 082 04 - DEWEY DECIMAL CLASSIFICATION NUMBER | |
| Classification number | 320.951 |
| Item number | ONN |
| Edition number | 22 |
| 245 00 - TITLE STATEMENT | |
| Title | On the CPC : |
| Remainder of title | interpretation of the success of the world’s largest ruling party (1976-2011) / |
| Statement of responsibility, etc | edited by Yao Huan, Yang Deshan, Zhang Shiyi. |
| 260 ## - PUBLICATION, DISTRIBUTION, ETC. (IMPRINT) | |
| Place of publication, distribution, etc | London : |
| Name of publisher, distributor, etc | New Classic Press, |
| Date of publication, distribution, etc | 2016. |
| 300 ## - PHYSICAL DESCRIPTION | |
| Extent | v. 2. ; |
| Dimensions | 24 cm. |
| 650 ## - SUBJECT ADDED ENTRY--TOPICAL TERM | |
| Source of heading or term | BUEsh |
| 651 #0 - SUBJECT ADDED ENTRY--GEOGRAPHIC NAME | |
| Geographic name | China |
| General subdivision | Politics and government |
| Chronological subdivision | 20th century |
| Source of heading or term | BUEsh |
| 9 (RLIN) | 41454 |
| 653 ## - INDEX TERM--UNCONTROLLED | |
| Resource For college | BAEPS, Political Science |
| Arrived date list | October2016 |
| 700 1# - ADDED ENTRY--PERSONAL NAME | |
| Personal name | Huan, Yao. |
| Relator term | editor. |
| 9 (RLIN) | 41512 |
| 700 1# - ADDED ENTRY--PERSONAL NAME | |
| Personal name | Deshan, Yang, |
| Relator term | editor. |
| 9 (RLIN) | 41452 |
| 700 1# - ADDED ENTRY--PERSONAL NAME | |
| Personal name | Shiyi, Zhang, |
| Relator term | editor. |
| 9 (RLIN) | 41513 |
| 942 ## - ADDED ENTRY ELEMENTS (KOHA) | |
| Source of classification or shelving scheme | Dewey Decimal Classification |
| Withdrawn status | Item status | Source of classification or shelving scheme | Damaged status | Not for loan | Vendor | Home library | Current library | Shelving location | Date acquired | Source of acquisition | Cost, normal purchase price | Total Checkouts | Full call number | Barcode | Date last seen | Cost, replacement price | Koha item type |
|---|---|---|---|---|---|---|---|---|---|---|---|---|---|---|---|---|---|
| Dewey Decimal Classification | بيت الحكمة المصري | Central Library | Central Library | First floor | 12/10/2016 | Purchase | 150.00 | 320.951 ONN | 000034042 | 15/07/2025 | 187.50 | Book - Borrowing |